2026 - Pilotos de Fórmula 1 - Estadísticas

Estadísticas generales
  • Esta prueba ha sido intentada 9.746 veces
    2.223 desde el último reinicio
  • La puntuación promedio es 17 de 22
Estadísticas de respuestas
Escudería País Piloto % Correcto
Aston Martin España Fernando Alonso
98%
Ferrari Reino Unido Lewis Hamilton
95%
Red Bull Países Bajos Max Verstappen
95%
Williams España Carlos Sainz
91%
Ferrari Mónaco Charles Leclerc
90%
McLaren Reino Unido Lando Norris
90%
Alpine Argentina Franco Colapinto
87%
Cadillac México Sergio Pérez
85%
McLaren Australia Oscar Piastri
84%
Aston Martin Canadá Lance Stroll
80%
Mercedes Reino Unido George Russell
79%
Alpine Francia Pierre Gasly
79%
Haas Francia Esteban Ocon
78%
Cadillac Finlandia Valtteri Bottas
77%
Williams Tailandia Alexander Albon
72%
Mercedes Italia Andrea Kimi Antonelli
72%
Audi Alemania Nico Hülkenberg
72%
Audi Brasil Gabriel Bortoleto
69%
Red Bull Francia Isack Hadjar
64%
RB Nueva Zelanda Liam Lawson
62%
Haas Reino Unido Oliver Bearman
60%
RB Reino Unido Arvid Lindblad
36%
No se encontraron pruebas coincidentes
Distribución de puntuación
Porcentaje de gente con cada puntuación
Porcentaje por número respondido
Historial de tus puntuaciones
No has intentado esta prueba desde el último reinicio